01491cam a22003854i 4500003000900000005001700009008004100026020001500067035002000082040003300102082001700135100002700152245008500179264004300264300004400307336002100351337002500372338002300397505044500420526001000865526001000875526001000885526001000895526000800905526000800913526000800921526000800929526000800937526000800945526000800953650005200961650002501013650004101038650002601079PE-LiUPU20250731173039.0171218s2006 xxu r0 000 0 eng d a0978605403 a(Sirsi) a240542 aPE-LiUPUbspacPE-LiUPUerda00a241bD962201 aDu Preez, Ron,eautor.10aMorals for mortals :bBiblical roadsigns for difficult dilemmas /cRon Du Preez. 1aBerrien Springs :bOmega Media,c2006. aVIII, 260 páginas ;c23 centímetros atext2rdacontent aunmediated2rdamedia avolume2rdacarrier0 aBiblical authority & foundations for ethics -- Thought patterns that affect lifestyle -- A Biblical analysis of graded absolutism -- Lying to save life and Biblical morality -- A closer look at the genesis of marriage -- What does the Bible teach about polygamy? -- What to do with polygamous families? -- Abortion in the light of Biblical legislation -- Competition: the "number one" concern -- Cultural challenges to a Biblical lifestyle. aSEG42 aSEG41 aSEG40 aSEG39 aP94 aP87 aP86 aP85 aP77 aP76 aP35 7aLa ética cristianaxLa enseñanza bíblica.04aEthics in the Bible. 7aChristian ethicsxBiblical teaching.04aÉtica en la Biblia.